000 00617nam a2200241 a 4500
001 nice12345678
003 IN_TiNIC
005 20260116012718.0
008 050524s1975 evaa grp 000 0 eng
020 _a
_c100
082 0 0 _a297.24
_bHAQ
100 _aHaqq, Akbar A
245 _aChrist in the New Testament and the Quran.
260 _aEvanston
_bNorthwestern University Press
_c1975
300 _a34p
500 _aincludes index and biblioraphy
505 2 _aIndex
650 _aJesus Christ-Islamic Interpretation
700 1 _aHaqq, Akbar A
902 _bSRS
942 _cBK
999 _c8060
_d8060